Qualities of effective principals / (Record no. 84321)

MARC details
000 -LEADER
fixed length control field 02842cam a2200445 i 4500
001 - CONTROL NUMBER
control field GVRL49RY
003 - CONTROL NUMBER IDENTIFIER
control field MiFhGG
005 - DATE AND TIME OF LATEST TRANSACTION
control field 20250820004435.0
006 - FIXED-LENGTH DATA ELEMENTS--ADDITIONAL MATERIAL CHARACTERISTICS
fixed length control field m o d
007 - PHYSICAL DESCRIPTION FIXED FIELD--GENERAL INFORMATION
fixed length control field cr un ---uuuua
008 - FIXED-LENGTH DATA ELEMENTS--GENERAL INFORMATION
fixed length control field 201117t20212021vaua ob 001 0 eng d
020 ## - INTERNATIONAL STANDARD BOOK NUMBER
International Standard Book Number 9781416629962
Qualifying information (electronic book)
020 ## - INTERNATIONAL STANDARD BOOK NUMBER
Canceled/invalid ISBN 9781416629955
035 ## - SYSTEM CONTROL NUMBER
System control number (OCoLC)1224583413
040 ## - CATALOGING SOURCE
Original cataloging agency MiFhGG
Language of cataloging eng
Transcribing agency MiFhGG
Description conventions rda
-- pn
050 #4 - LIBRARY OF CONGRESS CALL NUMBER
Classification number LB2831.92
Item number .S77 2021
100 1# - MAIN ENTRY--PERSONAL NAME
Personal name Stronge, James H.,
Relator term author.
245 10 - TITLE STATEMENT
Title Qualities of effective principals /
Statement of responsibility, etc. James H. Stronge, Xianxuan Xu.
250 ## - EDITION STATEMENT
Edition statement Second edition edition.
264 #1 - PRODUCTION, PUBLICATION, DISTRIBUTION, MANUFACTURE, AND COPYRIGHT NOTICE
Place of production, publication, distribution, manufacture Alexandria, Virginia :
Name of producer, publisher, distributor, manufacturer ASCD,
Date of production, publication, distribution, manufacture, or copyright notice [2021]
264 #4 - PRODUCTION, PUBLICATION, DISTRIBUTION, MANUFACTURE, AND COPYRIGHT NOTICE
Date of production, publication, distribution, manufacture, or copyright notice ©2021
300 ## - PHYSICAL DESCRIPTION
Extent 1 online resource (xiii, 317 pages) :
Other physical details illustrations
336 ## - CONTENT TYPE
Content type term text
Content type code txt
Source rdacontent
337 ## - MEDIA TYPE
Media type term computer
Media type code c
Source rdamedia
338 ## - CARRIER TYPE
Carrier type term online resource
Carrier type code cr
Source rdacarrier
490 0# - SERIES STATEMENT
Series statement Gale eBooks
504 ## - BIBLIOGRAPHY, ETC. NOTE
Bibliography, etc. note Includes bibliographical references and index.
505 0# - FORMATTED CONTENTS NOTE
Formatted contents note What It means to be an effective principal -- Instructional leadership : supporting best practice -- School climate : the heart of the school -- Human resource administration : Recruiting, selecting,supporting, and retaining quality teachers and staff --Teacher evaluation : Assessing instructional quality -- Organizational management : building a foundation for teaching and learning -- Communication and community relations : working with internal and external constituencies -- Professionalism and the principal : making a difference in the educational community -- The ultimate challenge : the principal's role in student achievement -- Principal effectiveness : Tools you can use -- Principal skills assessment checklists -- Look-fors and red flags.
520 ## - SUMMARY, ETC.
Summary, etc. Research shows that effective principals focus on a core set of factors critical to fostering success among all students. This edition delineates these factors and show principals how to successfully balance the needs and priorities of their schools while continuously developing and refining their leadership skills. It provides practical tools and extensive research and includes practical skills checklists, along with quality indicators and red flags for effective leadership.
588 ## - SOURCE OF DESCRIPTION NOTE
Source of description note Description based on print version record.
650 #0 - SUBJECT ADDED ENTRY--TOPICAL TERM
Topical term or geographic name entry element School principals
Geographic subdivision United States.
650 #0 - SUBJECT ADDED ENTRY--TOPICAL TERM
Topical term or geographic name entry element School management and organization
Geographic subdivision United States.
650 #0 - SUBJECT ADDED ENTRY--TOPICAL TERM
Topical term or geographic name entry element Educational leadership
Geographic subdivision United States.
700 1# - ADDED ENTRY--PERSONAL NAME
Personal name Xu, Xianxuan,
Relator term author.
710 2# - ADDED ENTRY--CORPORATE NAME
Corporate name or jurisdiction name as entry element Gale (Firm)
776 08 - ADDITIONAL PHYSICAL FORM ENTRY
Relationship information Print version:
Title Qualities of effective principals.
Place, publisher, and date of publication Alexandria, Virginia : ASCD, [2021]
International Standard Book Number 9781416629955
Record control number (DLC) 2020051921
856 40 - ELECTRONIC LOCATION AND ACCESS
Uniform Resource Identifier <a href="https://link.gale.com/apps/pub/49RY/GVRL?sid=gale_marc&u=phurs">https://link.gale.com/apps/pub/49RY/GVRL?sid=gale_marc&u=phurs</a>
Public note Available via Gale eBooks. Click here to access
912 ## -
-- 49RY
942 ## - ADDED ENTRY ELEMENTS (KOHA)
Source of classification or shelving scheme Library of Congress Classification
Koha item type E-Book
Holdings
Withdrawn status Source of classification or shelving scheme Damaged status Not for loan Home library Current library Date acquired Total Checkouts Date last seen Price effective from Koha item type
  Library of Congress Classification     E-Books Gale E-Books Gale 08/19/2025   08/19/2025 08/19/2025 E-Book

University of Rizal System
Email us at univlibservices@urs.edu.ph

Visit our Website www.urs.edu.ph/library